| 000 | 00574nam a22001577a 4500 | ||
|---|---|---|---|
| 999 |
_c535363 _d535363 |
||
| 020 | _qHard Cover. | ||
| 082 | _a670.5 | ||
| 100 | _aAziz, Mansoor | ||
| 245 |
_aSTUDYOF INDUSTRIAL PROCESSIN GARMENT INDUSTRYOF PAKISTANFOR ELIMINATING WASTESBY APPLYING LEAN MANUFACTURING TOOLS / _cMansoor Aziz. |
||
| 260 |
_aIslamabad: _bPNEC NUST, _c2016. |
||
| 300 |
_a71 p. : _bill. ; _c30cm. |
||
| 942 |
_2ddc _cTHE |
||
| 650 |
_aManufacturing Engineering and Management MS-Thesis. _929576 |
||
| 700 |
_aDr. Syed Aqueel Shah _929875 |
||